| 000 | 01210ngm a22002650a 4500 | ||
|---|---|---|---|
| 001 | PT14832 | ||
| 003 | AR-LpoUNG | ||
| 005 | 20210201235920.0 | ||
| 007 | vd cvaizq | ||
| 008 | 191001s1973||||ag |||||||||||||||||spa d | ||
| 037 | _c$11.63 | ||
| 040 |
_aAR-LpoUNG _bspa _cAR-LpoUNG _eaacr |
||
| 041 | _aspa | ||
| 082 | 0 | _a921.5 734gio | |
| 100 | 1 |
_aMontaldo, Giuliano _edir. |
|
| 245 | 1 | 0 | _aGiordano Bruno |
| 260 |
_as.l. : _bs.n., _c[1973]. |
||
| 300 | _aVHS (123 min.) : son., col. | ||
| 505 | 0 | _aGuión: Pierantuoni Anchisi, Nicola Badaloni ; fotografía: Vittorio Storaro. | |
| 520 | _aNarra los últimos años de la vida del filósofo Giordano Bruno (1548-1600). En Venecia Giordano Bruno condena una religión que hace uso de la violencia, expone sus ideas filosóficas nutridas de panteísmo y su concepto de una doble religión: una hecha para el pueblo, la otra que es liberación y superación, reservada a los hombres superiores. Giovanni Mocenigo, su anfitrión, se asusta de este ex fraile desprejuiciado en el lenguaje y las costumbres, más a menudo borracho que sobrio, y lo denuncia a la inquisición. | ||
| 651 | 4 | _aItalia | |
| 653 | _aVIDEOS | ||
| 905 | _a14832 | ||
| 942 | _cVIDEO | ||
| 999 |
_c53769 _d53769 |
||